Life in the age of enterprise, 1865-1900 /

Bibliographic Details
Main Author: Walker, Robert Harris, 1924-
Format: Book
Language:English
Published: New York : Capricorn Books : G.P. Putnam's, 1971
Series:Life in America.
Subjects:

MARC

Tag First Indicator Second Indicator Subfields
LEADER 00000cam a2200000 a 4500
001 in00000071771
005 20151008062403.0
008 790806c19711967nyua 00110 eng d
010 |a  67014812  
020 |a 0399501371 
035 |a (OCoLC)05243083 
035 |9 AAK0115AM 
040 |a TMN  |c TMN  |d m.c.  |d TXA  |d UtOrBLW 
049 |a TXAM  |c [1803540] 
090 |a E168  |b .W2 1971 
092 |a 973.8  |b W183L 
100 1 |a Walker, Robert Harris,  |d 1924- 
245 1 0 |a Life in the age of enterprise, 1865-1900 /  |c by Robert H. Walker. 
264 1 |a New York :  |b Capricorn Books :  |b G.P. Putnam's,  |c 1971 
264 4 |c ©1967 
300 |a 255 pages :  |b illustrations ;  |c 22 cm. 
336 |a text  |b txt  |2 rdacontent 
337 |a unmediated  |b n  |2 rdamedia 
338 |a volume  |b nc  |2 rdacarrier 
490 1 |a Life in America 
500 |a "A Capricorn giant." 
500 |a Earlier eds. published under title : Everyday life in the age of enterprise, 1865-1900. 
500 |a Includes index. 
504 |a Bibliography: pages 245-250. 
651 0 |a United States  |x Social life and customs  |y 1865-1918. 
830 0 |a Life in America. 
999 |a MARS 
999 f f |s 9f112cac-0c83-32dc-a34b-9a51c8c45276  |i 843d1d00-2798-3224-be76-32d1a8ccb4e2  |t 0 
952 f f |p ric  |a Texas A&M University  |b Rellis Campus  |c Joint Library Facility  |d Remote Storage  |t 0  |e E168 .W2 1971  |h Library of Congress classification  |i unmediated -- volume  |m A14806104948 
998 f f |a E168 .W2 1971  |t 0  |l Remote Storage